| 000 | 00607nam a22002297a 4500 | ||
|---|---|---|---|
| 003 | UA-OsUOA | ||
| 001 | 42960 | ||
| 007 | ta | ||
| 008 | 20061201b un ||||| |||| 00| 0 ukr d | ||
| 090 |
_a821.161.3 _bЦ52 |
||
| 942 | _cBK | ||
| 040 |
_aUA-OsUOA _brus _cUA-OsUOA _dUA-OsUOA |
||
| 245 |
_aЦетка _cЦвирка К. |
||
| 300 | _a334 с. | ||
| 955 | _a3 | ||
| 041 | _arus | ||
| 080 | _a821.161.3 | ||
| 020 | _a985-6638-47-Х | ||
| 260 |
_aМінск _bБеларуски кныгазбор _c2001 |
||
| 650 | 7 |
_a82 Література. Літературознавство _2UDC |
|
| 999 |
_c329094 _d329094 |
||